Invenção do problema (Registo nº 201301)

Detalhes MARC
000 -Etiqueta do registo
Valores 00612nam 22002053 4500
021 ## - Número do Depósito Legal
Código do país Portugal
Número 12 792/86
100 ## - Dados gerais de processamento
Dados gerais 20260316d u||y0pory50 ba
200 ## - Titulo e menção de responsabilidade
Título próprio Invenção do problema
Primeira menção de responsabilidade Luís F. Adriano Carlos
205 ## - Menção da edição
Edição
210 ## - Publicação
Local de publicação Lisboa
Nome do editor Morais Editores
Data de publicação 1986
215 ## - Descrição física 
Paginação / Volumes 62, [3] p.
Outras indicações físicas brochado
Dimensões 20 cm
225 ## - Colecção 
Título próprio da colecção Círculo de poesia Nova série
606 ## - Nome comum usado como assunto
ID Autoridade 23
Palavra de ordem Literatura Portuguesa
Subdivisão assunto Poesia
675 ## - CDU
Notação 821.134.3-1"19/20"
Edição PT
Língua por
700 ## - Autor principal (pessoa individual)
ID Autoridade 6754
Apelido Carlos
Nome Luís Adriano
Datas 1959-
801 ## - Fonte de origem
País PT
Agência BMMN
Regras de catalogação RPC
830 ## - Notas gerais do catalogador
Criado por Ana Falardo
Indexado por Ana Falardo
990 ## - Elementos KOHA
Tipo de documento Livro
Exemplares
Situação do levantamento Biblioteca de origem Código de barras Cota Permissão de empréstimo Tipo de documento Nota relativa ao exemplar Forma de aquisição
  Biblioteca Municipal de Montemor-o-Novo 30613 821.134.3-1 CAR|SAF   Livro Acesso condicionado Oferta

Powered by Koha